000
00241nam a2200097Ia 4500
008
230915s9999 xx 000 0 und d
050
_a
HG4063.V36 2002
100
_a
VAN HORNE,JAMES C
245
0
_a
FINACIAL MANAGEMENT AND POLICY
942
_c
BK
999
_c
86993
_d
86993